All Teams to Ever Play in the FIFA World Cup - Sudden Death - Statistics

General Stats
  • This quiz has been taken 155 times
  • The average score is 68 of 81
Answers on the Grid
Answers color-coded by a green-red scale on the quiz's grid according to % correct below.
Afghanistan
Albania
Algeria
Andorra
Angola
Argentina
Australia
Austria
Bangladesh
Belarus
Belgium
Bolivia
Bosnia & Herzegovina
Brazil
Bulgaria
Cameroon
Canada
Chile
China
Colombia
Costa Rica
Croatia
Cuba
Czech Republic / Czechoslovakia
Denmark
Dutch East Indies
East Germany
Ecuador
Egypt
El Salvador
England
Ethiopia
France
Germany / West Germany
Ghana
Greece
Haiti
Honduras
Hungary
Iceland
India
Iran
Iraq
Ireland
Israel
Italy
Ivory Coast
Jamaica
Japan
Kazakhstan
Kuwait
Laos
Lebanon
Madagascar
Mexico
Morocco
Netherlands
New Zealand
Nigeria
North Korea
Northern Ireland
Norway
Pakistan
Panama
Papua New Guinea
Paraguay
Peru
Philippines
Poland
Portugal
Qatar
Romania
Russia / Soviet Union
Rwanda
Saudi Arabia
Scotland
Senegal
Serbia / Serbia & Montenegro
Singapore
Slovakia
Slovenia
South Africa
South Korea
South Sudan
Spain
Sweden
Switzerland
Thailand
Togo
Trinidad and Tobago
Tunisia
Turkey
Ukraine
United Arab Emirates
United States
Uruguay
Vietnam
Wales
Yugoslavia
Zaire
 
Answer Stats
Answer % Correct
Argentina
97%
Brazil
96%
Australia
95%
Denmark
95%
France
95%
Netherlands
95%
Canada
94%
Croatia
94%
England
94%
Greece
94%
Japan
94%
Russia / Soviet Union
94%
Switzerland
94%
Belgium
93%
Chile
93%
Colombia
93%
Egypt
93%
Italy
93%
Portugal
93%
Sweden
93%
United States
93%
Austria
92%
Germany / West Germany
92%
Ireland
92%
Mexico
92%
Norway
92%
Poland
92%
Spain
92%
Turkey
92%
Uruguay
92%
Morocco
91%
Costa Rica
90%
Czech Republic / Czechoslovakia
90%
East Germany
90%
Hungary
90%
Nigeria
89%
Wales
89%
Cameroon
88%
Iran
88%
New Zealand
88%
Scotland
88%
South Africa
88%
South Korea
88%
China
87%
Saudi Arabia
87%
Algeria
86%
Ecuador
86%
Peru
86%
Paraguay
85%
Qatar
85%
Slovakia
85%
Ukraine
85%
Yugoslavia
85%
Ghana
84%
Bulgaria
83%
Romania
83%
Bosnia & Herzegovina
82%
Serbia / Serbia & Montenegro
82%
Tunisia
82%
Senegal
81%
Slovenia
81%
Panama
80%
Bolivia
78%
Iceland
78%
Ivory Coast
78%
Northern Ireland
78%
Jamaica
76%
North Korea
76%
Honduras
73%
Iraq
71%
Cuba
70%
El Salvador
68%
Israel
68%
Angola
65%
Haiti
62%
Trinidad and Tobago
60%
United Arab Emirates
58%
Zaire
56%
Togo
53%
Dutch East Indies
50%
Kuwait
45%
No matching quizzes found
Score Distribution
Percent of People with Each Score
Percentile by Number Answered
Your Score History
You have not taken this quiz